Một số vấn đề phát triển nông nghiệp và nông thôn

Na minha lista:
Detalhes bibliográficos
Autor principal: ĐẶNG KIM SƠN
Formato: Livro
Idioma:Undetermined
Publicado em: THông kê 2002
Tags: Adicionar Tag
Sem tags, seja o primeiro a adicionar uma tag!
Thư viện lưu trữ: Trung tâm Học liệu Trường Đại học Cần Thơ
LEADER 00470nam a2200145Ia 4500
001 CTU_48235
008 210402s9999 xx 000 0 und d
082 |a 338.18 
082 |b S464 
100 |a ĐẶNG KIM SƠN 
245 0 |a Một số vấn đề phát triển nông nghiệp và nông thôn 
245 0 |c ĐẶNG KIM SƠN, Hoàng Thu Hòa 
260 |b THông kê 
260 |c 2002 
980 |a Trung tâm Học liệu Trường Đại học Cần Thơ